000 00472nam a2200169Ia 4500
008 090124s9999 xx 000 0 und d
082 _b2579
100 _aप्रफुल्लदत्त
245 _a लाटालहरी
250 _a0
300 _a48
600 _aप्रफुल्लदत्त
630 _a लाटालहरी
700 _aप्रफुल्लदत्त
730 _a लाटालहरी
942 _cBOOK
999 _c82503
_d82503